=LDR 00000nam 2200000 4500 =001 INLIS000000000000503 =005 20150317140755.0 =006 =007 =008 Ind =035 ##$$0010-061300000000503 =041 ##$$a Ind =082 ##$$a 787.61 =090 ##$$a 787.61 So -g =100 ##$$a Solapung, Kaye A =245 ##$$a Gitar tunggal, pelajaran dasar untuk lagu klasik, lagu rakyat nusantara / Flamenco, lagu anak-anak dan lagu pop lengkap dengan teori dan petunjuk latihan, Kaye A Solapung =260 ##$$a Jakarta $b Intermasa $c 1991 =300 ##$$a xii, 124 hlm. : ilus. ; 30 cm =650 ##$$a Gitar =850 ##$$a NBPNMAT